Teams Missouri Has Beaten Since 2004 - Statistics

General Stats
  • This quiz has been taken 10 times
  • The average score is 35 of 71
Answer Stats
Answer % Correct
Arkansas
100%
Oklahoma
100%
Texas
100%
Baylor
86%
Florida
86%
Georgia
86%
Illinois
86%
Iowa State
86%
Kansas
86%
Kansas
86%
Kansas State
86%
South Carolina
86%
Tennessee
86%
Auburn
71%
Buffalo
71%
Colorado
71%
Kentucky
71%
LSU
71%
Nebraska
71%
Ohio
71%
Ohio State
71%
Oklahoma State
71%
Ole Miss
71%
Texas A&M
71%
Texas Tech
71%
Vanderbilt
71%
Boston College
57%
Boston College
57%
Indiana
57%
Memphis
57%
Middle Tennessee
57%
Minnesota
57%
Murray State
57%
New Mexico
57%
North Carolina
57%
Northwestern
57%
Troy
57%
Central Michigan
43%
Missouri State
43%
Nevada
43%
New Mexico State
43%
Purdue
43%
UMass
43%
West Virginia
43%
Arizona State
29%
Arkansas State
29%
Illinois State
29%
Louisiana Tech
29%
South Dakota
29%
Southeast Missouri State
29%
Toledo
29%
UCF
29%
UConn
29%
Western Michigan
29%
Wyoming
29%
Ball State
14%
Bowling Green
14%
BYU
14%
Delaware State
14%
Eastern Michigan
14%
Furman
14%
Idaho
14%
McNeese State
14%
Miami (Ohio)
14%
North Texas
14%
San Diego State
14%
South Dakota State
14%
UT Martin
14%
Western Illinois
14%
Abilene Christian
0%
Southeastern Louisiana
0%
No matching quizzes found
Score Distribution
Percent of People with Each Score
Percentile by Number Answered
Your Score History
You have not taken this quiz